Everyday speech : (Record no. 18962)
[ view plain ]
| 000 -LEADER | |
|---|---|
| fixed length control field | 00701cam a2200241u 4500 |
| 001 - CONTROL NUMBER | |
| control field | 18962 |
| 003 - CONTROL NUMBER IDENTIFIER | |
| rucl marc code | BD-RjUL |
| 005 - DATE AND TIME OF LATEST TRANSACTION | |
| control field | 20211209000350.0 |
| 008 - FIXED-LENGTH DATA ELEMENTS--GENERAL INFORMATION | |
| fixed length control field | 140222r19561950nyua 000 1 eng |
| 035 ## - SYSTEM CONTROL NUMBER | |
| System control number | (BD-RjUL)19020 |
| 040 ## - CATALOGING SOURCE | |
| Original cataloging agency | DLC |
| Transcribing agency | CarP |
| Modifying agency | BD-RjUL |
| Language of cataloging | eng |
| 041 ## - LANGUAGE CODE | |
| Language code of text/sound track or separate title | eng |
| 082 00 - DEWEY DECIMAL CLASSIFICATION NUMBER | |
| Classification number | 808.5 |
| Author mark and year | SOE 1956 |
| 100 1# - MAIN ENTRY--PERSONAL NAME | |
| Personal name | Sondel, Bess, |
| Dates associated with a name | 1894-1971. |
| 9 (RLIN) | 58466 |
| 245 10 - TITLE STATEMENT | |
| Title | Everyday speech : |
| Remainder of title | how to say what you mean / |
| Statement of responsibility, etc. | Drawings by Cissie Liebahutz. |
| 260 ## - PUBLICATION, DISTRIBUTION, ETC. (IMPRINT) | |
| Place of publication, distribution, etc. | New York : |
| Name of publisher, distributor, etc. | Barnes & Noble, |
| Date of publication, distribution, etc. | c1950 [Reprinted 1956]. |
| 300 ## - PHYSICAL DESCRIPTION | |
| Pagination | 189 p. : |
| Illustrations | illus. ; |
| Size | 21 cm. |
| 650 #0 - SUBJECT ADDED ENTRY--TOPICAL TERM | |
| Topical term or geographic name as entry element | Speech. |
| 9 (RLIN) | 58467 |
| Topical term or geographic name as entry element | Oratory. |
| 9 (RLIN) | 47362 |
| 942 ## - ADDED ENTRY ELEMENTS (KOHA) | |
| Source of classification or shelving scheme | Dewey Decimal Classification |
| Koha item type | Books |
| Lost status | Source of classification or shelving scheme | Damaged status | Not for loan | Collection code | Permanent Location | Current Location | Shelving location | Date acquired | Source of acquisition | Total Checkouts | Full call number | Date last seen | Date checked out | Copy number | Koha item type |
|---|---|---|---|---|---|---|---|---|---|---|---|---|---|---|---|
| Dewey Decimal Classification | Fiction | Central Library, University of Rajshahi | Central Library, University of Rajshahi | 28/09/1959 | Asia Foundation | 1 | 808.5 SOE 1956 | 19/01/2026 | 11/01/2026 | C-2 | Books | ||||
| Dewey Decimal Classification | Not For Loan | Non-fiction | Central Library, University of Rajshahi | Central Library, University of Rajshahi | Reading Room | 03/02/2020 | Asia Foundation , U.S.A. | 808.5 SOE 1956 | 03/02/2020 | C-1 | Books | ||||
| Dewey Decimal Classification | Non-fiction | Central Library, University of Rajshahi | Central Library, University of Rajshahi | 25/07/1962 | 808.5 SOE 1959 | 03/02/2020 | C-3 | Books |